• 首页
  • 本馆介绍
  • 公告通知
  • 最新文献
  • 馆藏检索
  • 电子资源
  • 读者导购
  • 参考咨询
  • 我的图书馆
  • 登录
  • 详细信息显示
  • 放入我的书架
  • 预约/预借图书
  • 作者相关作品
  • 分类相关作品
  • 丛书相关作品
  • 出版社相关作品

书目信息

  • 表格格式
  • 工作单格式
  • 卡片格式
题名:
财产保险
    
 
作者: 乔林 , 王绪瑾 主编
分册:  
出版信息: 北京   中国人民大学出版社  2004
页数: 383页
开本: 23cm
丛书名:
单 册:
中图分类: F840.65
科图分类:
主题词: 财产保险--教材 , 财产保险
电子资源:
ISBN: 7-300-05456-0
000 01088nam0 2200313 450
000 01051nam0 2200301 450
000 01026nam0 2200301 450
000 00972nam0 2200277 450
000 00902nam0 2200253 450
000 00866nam0 2200241 45
005 20070725103154.65
010    @a7-300-05456-0@dCNY25.00
100    @a20070626e2005 em y0chiy0120 ea
101 0  @achi
102    @aCN@b110000
105    @ay z 000yy
200 1  @a财产保险@ACai Chan Bao Xian@f乔林,王绪瑾主编@FQiao Lin, Wang Xu Jin Zhu Bian
210    @a北京@c中国人民大学出版社@d2004
215    @a383页@d23cm
300    @a教育部、保监会推荐教材经济管理类课程教材保险系列
330    @a本书注重将国际保险界的惯例与我国实际情况相结合,讲述了财产保险基础,财产保险经营,针对实务讲述了财产损失保险、责任保险等。
606 0  @a财产保险@j教材
606 0  @a财产保险
690    @aF840.65@v4
701  0 @a乔林@AQiao Lin@c(保险学)@4主编
701  0 @a王绪瑾@AWang Xu Jin@c(教授)@4主编
801  0 @aCN@bTAOJIN@c20070725
905    @a10447@dF840.65@e43
    
    财产保险/乔林,王绪瑾主编.-北京:中国人民大学出版社,2004
    383页;23cm
    教育部、保监会推荐教材经济管理类课程教材保险系列
    
    ISBN 7-300-05456-0:CNY25.00
    本书注重将国际保险界的惯例与我国实际情况相结合,讲述了财产保险基础,财产保险经营,针对实务讲述了财产损失保险、责任保险等。
●
相关链接 在E读中查询图书 在五车中查询图书 在当当中查询图书 在豆瓣中查询图书


正题名:财产保险     索取号:F840.65/43         预约/预借

序号 登录号 条形码 馆藏地/架位号 状态 备注
1 0824769   208247690   第一样本阅览室/ [索取号:F840.65/43] 在馆    
2 0824770   208247707   密集书库/ [索取号:F840.65/43] 在馆    
3 0824771   208247716   第一借阅区/ [索取号:F840.65/43] 在馆    
4 0824772   208247725   第一借阅区/ [索取号:F840.65/43] 在馆    
5 0824773   208247734   第一借阅区/ [索取号:F840.65/43] 在馆    
6 0824774   208247743   密集书库/ [索取号:F840.65/43] 在馆    
7 0824775   208247752   第一借阅区/ [索取号:F840.65/43] 在馆    
8 0824776   208247761   密集书库/ [索取号:F840.65/43] 在馆    
唐山师范学院图书馆 欢迎您!
大连网信软件有限公司© 版权所有